000 01095nam0a2200301 4500
001 RU\NLR\ONL2\3692
005 20260406130737.0
035 _a(NLR Aleph) 009651290
090 _a9573485
_c9573485
100 _a20050714d1949 |||y0rusy50 ca
101 1 _agol
_crus
102 _aRU
105 _aa |||||||||
200 1 _a"Азбукадиани" дяпаохан гисурэнсэл
_fС. Н. Оненко нанай хэсэдиэни тунг.
_gВ. М. Фирсова дурумбэ илгалахани
210 _aЛ.
_cУчпедгиз
_d1949
215 _a100 с.
_cил.
_d22
300 _aТекст парал. нанай., рус.
541 1 _aРассказы из "Азбуки".
_zrus
686 1 _aШ9(2)672=Нан(Р)-4
700 1 _4070
_7ca
_8rus
_aТолстой
_bЛ. Н.
_f1828-1910
_gЛев Николаевич
_9111537
_3RU\NLR\auth\771515
702 1 _aФирсова
_bВ. М.
_4440
801 0 _aRU
_bNLR
_c20050714
_gPSBO
852 _aNLR
_bОНЛ
_jНанай./3-70
942 _cBOOK
980 _aNB
980 _aONL_RF